Código del trabajo.
El Código del Trabajo en Chile ha experimentado modificaciones recientes, destacando la Ley N° 21.643, conocida como "Ley Karin", que aborda la prevención, investigación y sanción del acoso laboral, sexual y violencia en el trabajo. Además, la Ley N° 21.561 introduce gradualmente la reducción de la...
| Corporate Author: | |
|---|---|
| Format: | Libro |
| Language: | Spanish |
| Published: |
Santiago, Chile :
Nueva jurídica,
2025.
|
| Edition: | Segunda edición. |
| Subjects: | |
| Online Access: |
MARC
| LEADER | 00000cam a2200000 a 4500 | ||
|---|---|---|---|
| 001 | 011664 | ||
| 003 | UAHC_CL | ||
| 005 | 20250617142303.0 | ||
| 008 | 250616s2025 cl 000 spa | ||
| 020 | |a 9789566351160 | ||
| 035 | |a REPÚBLICA | ||
| 040 | |a UAHC_CL |c UAHC_CL |d UAHC_CL | ||
| 082 | 0 | 4 | |a 344.8301 |b C669 |2 21 |
| 110 | 0 | |a Chile | |
| 245 | 1 | 0 | |a Código del trabajo. |
| 250 | |a Segunda edición. | ||
| 260 | |a Santiago, Chile : |b Nueva jurídica, |c 2025. | ||
| 300 | |a 359 páginas. | ||
| 500 | |a Edición estudiantes. | ||
| 520 | |a El Código del Trabajo en Chile ha experimentado modificaciones recientes, destacando la Ley N° 21.643, conocida como "Ley Karin", que aborda la prevención, investigación y sanción del acoso laboral, sexual y violencia en el trabajo. Además, la Ley N° 21.561 introduce gradualmente la reducción de la jornada laboral a 40 horas semanales. | ||
| 650 | 0 | |a Derecho del trabajo |z Chile |9 2917 | |
| 942 | |c BK |2 ddc | ||
| 952 | |0 0 |1 0 |2 ddc |4 0 |6 344_830100000000000_CODT_2025 |7 0 |8 BAS |9 100893 |a BR |b BR |c Reserva |d 2025-06-16 |e Compra |g 23109.00 |l 3 |m 4 |o 344.8301 CODT 2025 |p 1472431 |r 2026-03-28 12:52:01 |s 2026-03-16 |t 1 |w 2025-06-16 |y BK |z OC: 2334 / Factura Libromar Nº 63921 |B DER | ||
| 999 | |c 62686 |d 62686 | ||


